El rol del tutor como puente entre la familia y la escuela
Gespeichert in:
| Hauptverfasser: | , , |
|---|---|
| Format: | Buch |
| Sprache: | Spanisch |
| Veröffentlicht: |
Buenos Aires
Magísterio del Río de la Plata
2006
|
| Ausgabe: | 1a. ed |
| Schriftenreihe: | Colección Respuestas Educativas
|
| Schlagworte: | |
| Tags: |
Tag hinzufügen
Keine Tags, Fügen Sie den ersten Tag hinzu!
|
MARC
| LEADER | 00000nam a2200000 a 4500 | ||
|---|---|---|---|
| 001 | UCI9511 | ||
| 003 | CL-VaPUC | ||
| 008 | 081120e20060000AG |||||||||||||||||spa|d | ||
| 020 | |a 9505503199 | ||
| 082 | 0 | 4 | |a 371.42 |b MEN |2 21 |
| 100 | |a Méndez, Héctor D. |e autor |9 533318 | ||
| 700 | 0 | |a Tesoro, J. Rafael |e author |9 533319 | |
| 700 | 0 | |a Tiranti, Federico G |e author |9 533320 | |
| 245 | 1 | 3 | |a El rol del tutor como puente entre la familia y la escuela |
| 250 | |a 1a. ed | ||
| 300 | |a 126 p | ||
| 942 | |c BK | ||
| 945 | |d 20081120 00:00:00 |a jtorresc | ||
| 260 | |a Buenos Aires |b Magísterio del Río de la Plata |c 2006 | ||
| 650 | 7 | |a ORIENTACION PEDAGOGICA |2 CL-VaPUC |9 334838 | |
| 650 | 7 | |a ORIENTACION EDUCACIONAL |2 CL-VaPUC |9 312512 | |
| 650 | 7 | |a TUTORIA |2 CL-VaPUC |9 335054 | |
| 650 | 0 | |a Sociología de la educación |9 260380 | |
| 650 | 0 | |a Métodos de enseñanza |9 270413 | |
| 583 | |a last modification |c 20081120 00:00:00 |k Rodrigo Vera | ||
| 490 | 0 | |a Colección Respuestas Educativas | |
| 999 | |c 332035 |d 332033 | ||
| 952 | |0 0 |1 0 |4 0 |6 371_420000000000000_MEN_2006 |7 0 |8 A |9 419382 |a BIBEDU |b BIBEDU |d 2019-11-22 |i 4497260 |o 371.42 MEN 2006 |p 4497260 |r 2019-11-22 |w 2019-11-22 |y BK |k EPE | ||